| 000 | 01186nam a22002897a 4500 | ||
|---|---|---|---|
| 003 | OSt | ||
| 005 | 20221207143907.0 | ||
| 007 | cr ||||||a|c|a | ||
| 008 | 221207b2021 mx ||||fom||| 001 0 spa d | ||
| 040 | _erda | ||
| 100 | 1 |
_997684 _aRivera López, Samuel |
|
| 245 | 1 |
_aAnálisis de la educación financiera y la producción de naranja en México / _cpor Samuel Rivera López; director de tesis Arturo Perales Salvador |
|
| 264 |
_aChapingo, México : _bEl autor, _c2021. |
||
| 300 | _a1 recurso en línea (90 páginas). | ||
| 336 |
_2rdacontent _atexto _btxt |
||
| 337 |
_2rdamedia _acomputadora _bc |
||
| 338 |
_2rdacarrier _arecurso en línea _bcr |
||
| 502 |
_bDCEA _cDICEA _d2021. _gDOC |
||
| 504 | _aIncluye referencias bibliográficas: páginas 39-42, 60-62, 80-83, 85-90 | ||
| 650 | 7 |
_980147 _aNaranja _xCostos de producción |
|
| 650 | 0 |
_9163076 _aNaranjas _xComercialización |
|
| 650 | 7 |
_980183 _aNaranja _xPrecios |
|
| 650 | 0 |
_9155613 _aNaranja _xCultivo |
|
| 700 | 0 |
_987008 _aPerales Salvador, Arturo _eDirector de tesis |
|
| 856 |
_uhttp://10.13.5.2/tesis/td/2021_EA_Rivera_Lopez_Samuel.pdf _zDESCARGAR PDF |
||
| 942 |
_2Clasificación Universidad Autónoma Chapingo _cTD |
||
| 999 |
_c217951 _d217951 |
||